00705nam a2200205 a 4500001001000000003000400010005001700014007000300031008004100034020001500075040002500090082000700115100002800122245004200150250001100192260007500203300002000278440005500298534014600353000003343OSt20220825121831.0ta090708s2006 dr 000 0 spa d z9993479977 aDO-SdBNPbspacBNPHU 42221 aDuate, Rosa,d1820-188810aDiario de Rosa Duarte /cRosa Duarte. a2a ed. aSanto Domingo, :bComisión Permanente de Efemérides Patriasc2006. a58 p. ;c22 cm. aComisión Permanente de Efemérides Patriasvv.8 pTítulo originaltApuntes para la historia de la isla de Santo Domingo y para la biografía del general dominicano Juan Pablo Duarte y Diez